William S. Burroughs (Record no. 6028)

MARC details
000 - LÍDER
campo de control de longitud fija 00978nam a2200193Ia 4500
008 - ELEMENTOS DE DATOS DE LONGITUD FIJA - INFORMACIÓN GENERAL
campo de control de longitud fija 0000001989 it a 0000000000ita00
090 ## - NÚMERO DE LLAMADA DE TIPO LC LOCALMENTE ASIGNADO (OCLC)
Número de clasificación (OCLC) (R) PUS00 B87w
100 1# - ENTRADA PRINCIPAL - NOMBRE PERSONAL
Nombre de la persona Burroughs, William S.
Fechas asociadas a un nombre 1914
245 10 - TÍTULO DECLARACIÓN
Título William S. Burroughs
Declaración de responsabilidad / a cura di Cleto Polcina ; introduzione di Achille Bonito Oliva ; traduzioni Henry Martin, Anita Baruchello Tribbioli ; fotografie Ivan Della Tana, Giorgio Vasari, John Minihan
260 ## - PUBLICACIÓN, DISTRIBUCIÓN
Lugar de publicación Roma : Cleto Polcina Artemoderna
Fecha de publicación 1989
300 ## - DESCRIPCIÓN FÍSICA
Alcance [52] p.
Dimensiones / 26 cm.
500 ## - NOTA GENERAL
Nota general Con el patronazgo del maestro venezolano Jesús Rafael Soto (q.e.p.d.)
600 00 - ENTRADA DE SUJETO AÑADIDO - NOMBRE PERSONAL
Nombre de la persona BURROUGHS, WILLIAM S., 1914/
Subdivisión general TRABAJOS PICTORICOS
650 14 - ENTRADA DE SUJETO AÑADIDO - TÉRMINO TÓPICO
Término tópico o elemento de entrada del nombre geográfico ARTE CONTEMPORANEO ESTADOUNIDENSE
650 14 - ENTRADA DE SUJETO AÑADIDO - TÉRMINO TÓPICO
Subdivisión general CATALOGOS
650 14 - ENTRADA DE SUJETO AÑADIDO - TÉRMINO TÓPICO
Término tópico o elemento de entrada del nombre geográfico PINTORES ESTADOUNIDENSES
650 14 - ENTRADA DE SUJETO AÑADIDO - TÉRMINO TÓPICO
Término tópico o elemento de entrada del nombre geográfico PINTURA ESTADOUNIDENSE
700 1# - ENTRADA AGREGADA - NOMBRE PERSONAL
Nombre de la persona Polcina, Cleto \ Bonito Oliva, Achille, 1939 \ Martin, Henry, tr. \ Baruchello Tribbioli, Anita \ Della Tana, Ivan \ Vasari, Giorgio \ Minihan, John
Holdings
Estado de retirada Pérdida de estatus Estado dañado No para préstamo Código de recogida Ubicación permanente Ubicación actual Ubicación de las estanterías Fecha de adquisición Número de llamada completo Código de barras Fecha de la última vez que se vio Número de copia Precio efectivo desde Tipo de artículo Koha
        General ArtNexus ArtNexus General 06/09/2022 P-US-00 B87W 6032 06/09/2022 Ej.1 06/09/2022 Libro

Powered by Koha